00773 2200253 4500001002100000005001700021008004100038035002400079082001000103090001700113100003200130245014300162260003700305300002300342500003300365650002700398700002100425700001900446850000900465980001500474985000600489986000900495999001500504YOGYA-0209000006595120090227091845.0 ind  0010-020900000065951 a297.5 a297.5bJaz P aEL-JAZAIRI, Abu Bakar Jabir aPola hidup muslimb(minhajul muslim) Thaharah, Ibadah dan akhlakcAbu Bakar Jabir El-Jazairi ; alih bahasa Rachmad Djatmika, Ahmad Sumpeno aBandungbRemaja Rosdakaryac1991 axv, 431 hlmc21 cm aJudul asli : Minhajul muslim aIslam - Iman dan kufur aJatmika, Rakhmad aSumpeno, Ahmad aBPAD a03-12-2008 a1 aRuni a95P0076416